000
00337nam a2200145Ia 4500
003
OSt
005
20240330160923.0
008
170524s9999 xx 000 0 und d
020
_a
0070681961
040
_c
IIMTU MEERUT
100
_a
Khan MY
245
0
_a
Management Accountiing Text & Problem & Cases
260
_a
TMH
942
_2
ddc
_c
02
999
_c
3012
_d
3012